• 首页
  • 本馆介绍
  • 公告通知
  • 最新文献
  • 馆藏检索
  • 电子资源
  • 读者导购
  • 参考咨询
  • 我的图书馆
  • 登录
  • 详细信息显示
  • 放入我的书架
  • 预约/预借图书
  • 作者相关作品
  • 分类相关作品
  • 丛书相关作品
  • 出版社相关作品

书目信息

  • 表格格式
  • 工作单格式
  • 卡片格式
题名:
遥感数据智能处理方法与程序设计
    
 
作者: 马建文 著
分册:  
出版信息: 北京   科学出版社  2005
页数: 237页
开本: 26cm
丛书名:
单 册:
中图分类: TP751.1
科图分类:
主题词: 遥感数据--数据处理 , 遥感数据--程序设计 , 遥感数据 , 数据处理 , 程序设计
电子资源:
ISBN: 978-7-03-015094-3
000 00983nam0 2200301 450
001 002964321
005 20070805145106.59
010    @a978-7-03-015094-3@dCNY48.00
035    @a002964321
100    @a20050416e20072005em y0chiy0110 ea
101 0  @achi
102    @aCN@b110000
105    @aa z 000yy
106    @ar
200 1  @a遥感数据智能处理方法与程序设计@Ayao gan shu ju zhi neng chu li fang fa yu cheng xu she ji@f马建文等著@Fma jian wen deng zhu
210    @a北京@c科学出版社@d2005@h2007重印
215    @a237页@c图@d26cm
300    @a遥感科学国家重点实验室基金资助
330    @a本书主要内容包括多波段遥感数据的变换与分割、贝叶斯网络、进化计算、神经网络、模糊聚类、容插粗糙集等空间统计分析方法。
606 0  @a遥感数据@x数据处理
606 0  @a遥感数据@x程序设计
606 0  @a遥感数据
606 0  @a数据处理
606 0  @a程序设计
690    @aTP751.1@v4
701  0 @a马建文@Ama jian wen@f(1953~)@4著
801  0 @aCN@bNLC@c20070805
905    @dTP751.1@e30@f4
    
    遥感数据智能处理方法与程序设计/马建文等著.-北京:科学出版社,2005(2007重印)
    237页:图;26cm
    遥感科学国家重点实验室基金资助
    
    ISBN 978-7-03-015094-3:CNY48.00
    本书主要内容包括多波段遥感数据的变换与分割、贝叶斯网络、进化计算、神经网络、模糊聚类、容插粗糙集等空间统计分析方法。
●
相关链接 在E读中查询图书 在五车中查询图书 在当当中查询图书 在豆瓣中查询图书


正题名:遥感数据智能处理方法与程序设计     索取号:TP751.1/30         预约/预借

序号 登录号 条形码 馆藏地/架位号 状态 备注
1 0851874   208518745   第二样本阅览室/ [索取号:TP751.1/30] 在馆    
2 0851875   208518754   第三借阅区/ [索取号:TP751.1/30] 在馆    
3 0851876   208518763   第三借阅区/ [索取号:TP751.1/30] 在馆    
4 0851877   208518772   第三借阅区/ [索取号:TP751.1/30] 在馆    
唐山师范学院图书馆 欢迎您!
大连网信软件有限公司© 版权所有